[Event "11. Paks GM 2007"]
[Site "Paks HUN"]
[Date "2007.08.10"]
[Round "6.1"]
[White "Pataki, Gyozo"]
[Black "Smerdon, David"]
[Result "1/2-1/2"]
[WhiteElo "2382"]
[BlackElo "2461"]
[PlyCount "100"]
[EventDate "2007.08.05"]
[EventType "tourn"]
[EventRounds "9"]
[EventCountry "HUN"]
[EventCategory "9"]
[Source "lmi"]
[SourceDate "2007.08.05"]

1. d4 e6 2. c4 Nf6 3. Nc3 Bb4 4. Qc2 d5 5. cxd5 exd5 6. Bg5 c5 7. a3 Bxc3+ 8.
Qxc3 cxd4 9. Qxd4 Nc6 10. Qf4 O-O 11. Bxf6 gxf6 12. Nf3 Re8 13. g3 Re4 14. Qd2
Bg4 15. Bg2 Qe7 16. h3 Re8 17. e3 Bxf3 18. Bxf3 Nd4 19. Bd1 Nf5 20. O-O d4 21.
exd4 Nxd4 22. Kh2 Qe5 23. Rc1 Qb5 24. Kg2 Ne2 25. Rc7 Nxg3 26. fxg3 Re2+ 27.
Bxe2 Rxe2+ 28. Qxe2 Qxe2+ 29. Rf2 Qe4+ 30. Kh2 f5 31. Rc3 f4 32. g4 f5 33. gxf5
Qxf5 34. Rcf3 Qe5 35. Rxf4 h5 36. Kg1 Kh7 37. Kf1 Qb5+ 38. Kg2 Qd5+ 39. R4f3
Kg6 40. Kh2 Qe5+ 41. Kg2 Qe4 42. Kg1 a5 43. Rf4 Qe3 44. Kg2 Qe5 45. h4 Qd5+ 46.
Kg3 Qd3+ 47. Kh2 Qd6 48. a4 Qe5 49. Kg3 Qd6 50. R2f3 Qe5 1/2-1/2

[Event "11. Paks GM 2007"]
[Site "Paks HUN"]
[Date "2007.08.10"]
[Round "6.3"]
[White "Nevednichy, Vladislav"]
[Black "Yu, Shaoteng"]
[Result "1/2-1/2"]
[WhiteElo "2523"]
[BlackElo "2524"]
[PlyCount "61"]
[EventDate "2007.08.05"]
[EventType "tourn"]
[EventRounds "9"]
[EventCountry "HUN"]
[EventCategory "9"]
[Source "lmi"]
[SourceDate "2007.08.05"]

1. e4 e6 2. d4 d5 3. Nd2 c5 4. exd5 Qxd5 5. Ngf3 cxd4 6. Bc4 Qd6 7. O-O Nf6 8.
Nb3 Nc6 9. Nbxd4 Nxd4 10. Nxd4 a6 11. Re1 Qc7 12. Bb3 Bd6 13. h3 Bf4 14. Qf3
Bxc1 15. Raxc1 O-O 16. Rcd1 Bd7 17. c3 Rad8 18. Re3 Bc8 19. Rde1 b6 20. Re5 Bb7
21. Qe2 Rd6 22. Rg5 Ne4 23. Rg4 Nf6 24. Rg5 h6 25. Re5 b5 26. a3 Qb6 27. Qe3
Nd7 28. Rh5 Nf6 29. Re5 Nd7 30. Rh5 Nf6 31. Re5 1/2-1/2

[Event "11. Paks GM 2007"]
[Site "Paks HUN"]
[Date "2007.08.10"]
[Round "6.4"]
[White "Groszpeter, Attila"]
[Black "Flumbort, Andras"]
[Result "1-0"]
[WhiteElo "2522"]
[BlackElo "2509"]
[PlyCount "49"]
[EventDate "2007.08.05"]
[EventType "tourn"]
[EventRounds "9"]
[EventCountry "HUN"]
[EventCategory "9"]
[Source "lmi"]
[SourceDate "2007.08.05"]

1. e4 e5 2. Nf3 Nf6 3. d4 Nxe4 4. Bd3 d5 5. dxe5 Nc6 6. O-O Be7 7. Nc3 Bf5 8.
Qe2 Nxc3 9. bxc3 Be6 10. Rb1 Rb8 11. Nd4 Nxd4 12. cxd4 Qd7 13. f4 Bg4 14. Qe1
Bf5 15. Bxf5 Qxf5 16. Qa5 Qxc2 17. Ba3 Bxa3 18. Qxa3 Qc6 19. f5 Qd7 20. h3 Qe7
21. Qa4+ Qd7 22. Qa3 Qe7 23. Qa4+ Qd7 24. Qxa7 O-O 25. Rxb7 1-0

[Event "11. Paks GM 2007"]
[Site "Paks HUN"]
[Date "2007.08.10"]
[Round "6.5"]
[White "Papp, Gabor"]
[Black "Grunberg, Mihai-Lucian"]
[Result "1/2-1/2"]
[WhiteElo "2474"]
[BlackElo "2472"]
[PlyCount "122"]
[EventDate "2007.08.05"]
[EventType "tourn"]
[EventRounds "9"]
[EventCountry "HUN"]
[EventCategory "9"]
[Source "lmi"]
[SourceDate "2007.08.05"]

1. e4 Nf6 2. e5 Nd5 3. d4 d6 4. Nf3 dxe5 5. Nxe5 c6 6. Be2 Nd7 7. c4 N5b6 8.
Nf3 g6 9. O-O Bg7 10. a4 a5 11. Nc3 O-O 12. Be3 Nf6 13. h3 Bf5 14. Qb3 Ne4 15.
Nxe4 Bxe4 16. Nd2 Bf5 17. d5 Nc8 18. Qxb7 Nd6 19. Qxc6 Bxb2 20. Ra2 Bc3 21. Rc1
Bxd2 22. Rxd2 Bd7 23. Qb6 Bxa4 24. Ra2 Qxb6 25. Bxb6 Bb3 26. Rxa5 Rxa5 27. Bxa5
Rc8 28. Bb4 Nxc4 29. Rc3 Ba2 30. Bxe7 f5 31. Bb4 Kf7 32. g4 Nb6 33. Rc6 Rxc6
34. dxc6 fxg4 35. Bc5 Nc8 36. hxg4 Ke8 37. Be3 Be6 38. Bg5 Ne7 39. Bb5 Nd5 40.
f3 Bc8 41. Kf2 Nc7 42. Bd3 Kf7 43. Bd8 Ne6 44. Bc4 Ke8 45. Bf6 h6 46. Ke3 Kf7
47. Be5 Ke7 48. Bd3 Kf7 49. Bc4 Ke7 50. Bd5 Nd8 51. Kd4 Ne6+ 52. Ke3 Nd8 53.
Kd4 Ne6+ 54. Kc4 h5 55. gxh5 gxh5 56. Kb5 h4 57. Kb6 h3 58. Ka7 Nc5 59. Kb8 Bf5
60. Bh2 Na6+ 61. Ka7 Nb4 1/2-1/2

[Event "11. Paks GM 2007"]
[Site "Paks HUN"]
[Date "2007.08.11"]
[Round "7.2"]
[White "Flumbort, Andras"]
[Black "Papp, Gabor"]
[Result "1/2-1/2"]
[WhiteElo "2509"]
[BlackElo "2474"]
[PlyCount "71"]
[EventDate "2007.08.05"]
[EventType "tourn"]
[EventRounds "9"]
[EventCountry "HUN"]
[EventCategory "9"]
[Source "lmi"]
[SourceDate "2007.08.05"]

1. d4 Nf6 2. c4 e6 3. Nf3 b6 4. g3 Ba6 5. b3 b5 6. cxb5 Bxb5 7. Bg2 d5 8. O-O
Nbd7 9. Nc3 Ba6 10. Re1 Bd6 11. Qc2 O-O 12. e4 dxe4 13. Ng5 Bd3 14. Qd2 Bb4 15.
a3 Bxc3 16. Qxc3 Nd5 17. Qd2 N7f6 18. Nxe4 Bxe4 19. Bxe4 Nxe4 20. Rxe4 Qf6 21.
Kg2 Rfb8 22. b4 a5 23. bxa5 Rb5 24. Qc2 Rbxa5 25. Rb1 Qg6 26. Rb3 Ra4 27. Qe2
Nf6 28. Re5 Rxd4 29. Rb7 Qd3 30. Qxd3 Rxd3 31. Ra5 Rdd8 32. Rxa8 Rxa8 33. Rxc7
Nd5 34. Rc4 h5 35. Kf3 Kh7 36. a4 1/2-1/2

[Event "11. Paks GM 2007"]
[Site "Paks HUN"]
[Date "2007.08.11"]
[Round "7.4"]
[White "Szabo, Krisztian"]
[Black "Nevednichy, Vladislav"]
[Result "1/2-1/2"]
[WhiteElo "2482"]
[BlackElo "2523"]
[PlyCount "132"]
[EventDate "2007.08.05"]
[EventType "tourn"]
[EventRounds "9"]
[EventCountry "HUN"]
[EventCategory "9"]
[Source "lmi"]
[SourceDate "2007.08.05"]

1. e4 c5 2. Nf3 e6 3. d4 cxd4 4. Nxd4 a6 5. Nc3 d6 6. Be3 b5 7. Qd2 Bb7 8. f3
Nd7 9. g4 Rc8 10. O-O-O Ne5 11. g5 Ne7 12. Be2 Nc4 13. Bxc4 Rxc4 14. Kb1 Ng6
15. h4 Ne5 16. Rhf1 Rc8 17. f4 Nc4 18. Qd3 b4 19. Nce2 d5 20. e5 g6 21. h5 Nxe3
22. Qxe3 Bc5 23. Rh1 Kd7 24. Rh3 Qb6 25. Rdh1 Rhe8 26. Qd2 a5 27. Rd1 Ba6 28.
Ng1 Bxd4 29. Qxd4 Qxd4 30. Rxd4 Ke7 31. h6 Rc5 32. Rh2 Rec8 33. Nf3 R8c7 34.
Rhd2 Bf1 35. Rh2 Ba6 36. Rf2 Rc4 37. Rfd2 R7c5 38. Nh2 Rxd4 39. Rxd4 Be2 40.
Kc1 Kd7 41. Kd2 Bh5 42. Nf1 Kc6 43. Ne3 Bf3 44. a3 bxa3 45. b3 Rb5 46. Ra4 Rb4
47. Rxa3 Rxf4 48. Rxa5 Re4 49. Ra7 Rxe5 50. Rxf7 Be4 51. Rxh7 Rxg5 52. Rh8 Rh5
53. h7 Kb7 54. Ng4 g5 55. Nf6 Rh2+ 56. Kc3 Bxc2 57. Rg8 Bxh7 58. Rg7+ Kc6 59.
Nxh7 g4 60. Nf8 e5 61. Rg6+ Kb5 62. Rxg4 d4+ 63. Kd3 Rh3+ 64. Kc2 Rh2+ 65. Kd3
Rh3+ 66. Kc2 Rh2+ 1/2-1/2

[Event "11. Paks GM 2007"]
[Site "Paks HUN"]
[Date "2007.08.11"]
[Round "7.5"]
[White "Smerdon, David"]
[Black "Tania, Sachdev"]
[Result "0-1"]
[WhiteElo "2461"]
[BlackElo "2393"]
[PlyCount "62"]
[EventDate "2007.08.05"]
[EventType "tourn"]
[EventRounds "9"]
[EventCountry "HUN"]
[EventCategory "9"]
[Source "lmi"]
[SourceDate "2007.08.05"]

1. e4 c5 2. Nf3 e6 3. d4 cxd4 4. Nxd4 a6 5. Bd3 Nf6 6. Qe2 d6 7. Nc3 Qc7 8. Bd2
b5 9. O-O Be7 10. f4 Bb7 11. Rae1 Nbd7 12. Kh1 b4 13. Nd1 Nc5 14. Nf2 d5 15. e5
Nfe4 16. Nxe4 Nxe4 17. Be3 g6 18. Nf3 O-O 19. Bd4 a5 20. Nd2 Rfc8 21. Rf3 a4
22. Rc1 a3 23. bxa3 Nxd2 24. Qxd2 Rxa3 25. f5 exf5 26. Bxf5 gxf5 27. Qh6 Bf8
28. Qg5+ Bg7 29. e6 fxe6 30. c3 Kh8 31. Bf6 Qf7 0-1

[Event "11. Paks GM 2007"]
[Site "Paks HUN"]
[Date "2007.08.12"]
[Round "8.1"]
[White "Pataki, Gyozo"]
[Black "Tania, Sachdev"]
[Result "1/2-1/2"]
[WhiteElo "2382"]
[BlackElo "2393"]
[PlyCount "40"]
[EventDate "2007.08.05"]
[EventType "tourn"]
[EventRounds "9"]
[EventCountry "HUN"]
[EventCategory "9"]
[Source "lmi"]
[SourceDate "2007.08.05"]

1. d4 Nf6 2. c4 e6 3. Nc3 Bb4 4. Qc2 d5 5. a3 Bxc3+ 6. Qxc3 Ne4 7. Qc2 c5 8.
dxc5 Nc6 9. e3 Qa5+ 10. Bd2 Qxc5 11. b4 Qe7 12. Nf3 Nxd2 13. Qxd2 O-O 14. cxd5
Rd8 15. Qb2 Rxd5 16. Bc4 Rd8 17. O-O b6 18. Rfd1 Bb7 19. Rac1 h6 20. h3 Rxd1+
1/2-1/2

[Event "11. Paks GM 2007"]
[Site "Paks HUN"]
[Date "2007.08.12"]
[Round "8.2"]
[White "Nevednichy, Vladislav"]
[Black "Smerdon, David"]
[Result "1-0"]
[WhiteElo "2523"]
[BlackElo "2461"]
[PlyCount "107"]
[EventDate "2007.08.05"]
[EventType "tourn"]
[EventRounds "9"]
[EventCountry "HUN"]
[EventCategory "9"]
[Source "lmi"]
[SourceDate "2007.08.05"]

1. c4 Nf6 2. Nc3 e6 3. e4 c5 4. e5 Ng8 5. Nf3 Nc6 6. d4 cxd4 7. Nxd4 Nxe5 8.
Ndb5 a6 9. Nd6+ Bxd6 10. Qxd6 f6 11. Be3 Ne7 12. Bb6 Nf5 13. Bxd8 Nxd6 14. Bc7
Ndxc4 15. f4 d5 16. fxe5 Nxe5 17. Na4 Nd7 18. Rc1 b5 19. Nb6 Nxb6 20. Bxb6 Bd7
21. Kd2 Ke7 22. Bd3 Rab8 23. Bc7 Rb7 24. Rc5 Rc8 25. Rhc1 g6 26. g3 e5 27. Bf1
Be6 28. Bg2 Kf7 29. Rc6 Ra7 30. Bb6 Rxc6 31. Rxc6 Rd7 32. Bc5 a5 33. Rb6 b4 34.
Rb5 f5 35. Rxa5 d4 36. Bxb4 e4 37. Bc5 Kf6 38. Ra7 Rd5 39. Rc7 Ke5 40. a4 g5
41. b4 Bd7 42. b5 f4 43. b6 e3+ 44. Kd3 Bf5+ 45. Kc4 Rd8 46. Re7+ Be6+ 47. Kd3
Kf6 48. Rxe6+ Kxe6 49. b7 Kd7 50. Ba7 Kc7 51. gxf4 gxf4 52. Bf3 Re8 53. Kxd4 e2
54. b8=Q+ 1-0

[Event "11. Paks GM 2007"]
[Site "Paks HUN"]
[Date "2007.08.12"]
[Round "8.3"]
[White "Groszpeter, Attila"]
[Black "Szabo, Krisztian"]
[Result "1-0"]
[WhiteElo "2522"]
[BlackElo "2482"]
[PlyCount "63"]
[EventDate "2007.08.05"]
[EventType "tourn"]
[EventRounds "9"]
[EventCountry "HUN"]
[EventCategory "9"]
[Source "lmi"]
[SourceDate "2007.08.05"]

1. e4 c5 2. Nf3 d6 3. d4 cxd4 4. Nxd4 Nf6 5. Nc3 a6 6. Bg5 e6 7. f4 Nbd7 8. Qf3
Qc7 9. O-O-O b5 10. f5 Ne5 11. Qg3 Be7 12. fxe6 fxe6 13. Bxf6 Bxf6 14. Bxb5+
axb5 15. Ndxb5 Qc5 16. Nxd6+ Ke7 17. Rhf1 Ng6 18. e5 Qxe5 19. Qf3 Ra5 20. Kb1
Rc5 21. Qa8 Bd7 22. Qa7 Rd8 23. Nde4 Rc7 24. Qb6 Rc4 25. Nxf6 gxf6 26. Rfe1 Qc5
27. Nd5+ Ke8 28. Nxf6+ Ke7 29. Rxd7+ Kxf6 30. Qxe6+ Kg5 31. Rxd8 Qf2 32. Qe3+
1-0

[Event "11. Paks GM 2007"]
[Site "Paks HUN"]
[Date "2007.08.12"]
[Round "8.4"]
[White "Papp, Gabor"]
[Black "Yu, Shaoteng"]
[Result "1/2-1/2"]
[WhiteElo "2474"]
[BlackElo "2524"]
[PlyCount "116"]
[EventDate "2007.08.05"]
[EventType "tourn"]
[EventRounds "9"]
[EventCountry "HUN"]
[EventCategory "9"]
[Source "lmi"]
[SourceDate "2007.08.05"]

1. e4 e6 2. d4 d5 3. Nc3 Nf6 4. Bg5 dxe4 5. Nxe4 Nbd7 6. Nf3 h6 7. Nxf6+ Nxf6
8. Bh4 c5 9. Ne5 Qa5+ 10. c3 cxd4 11. Qxd4 Bc5 12. Nc4 Bxd4 13. Nxa5 Bb6 14.
Nc4 Bc7 15. Bg3 Bxg3 16. hxg3 Ke7 17. Be2 Rd8 18. Bf3 Rb8 19. a4 Bd7 20. Ne5
Be8 21. Rh4 Nd7 22. Nxd7 Bxd7 23. Rb4 b6 24. a5 bxa5 25. Rxa5 Rxb4 26. cxb4 Rb8
27. Rxa7 Kd6 28. Rb7 Rxb7 29. Bxb7 Ke5 30. Kd2 Kd4 31. Ba6 e5 32. Bd3 f5 33. b5
Kc5 34. b4+ Kb6 35. Ke3 g6 36. f4 e4 37. Bc4 Bc8 38. Bf7 g5 39. g4 Kxb5 40.
fxg5 hxg5 41. gxf5 Bxf5 42. Bd5 Kxb4 43. Bxe4 Bc8 44. Kd4 Bd7 45. g3 Bc8 46.
Bd5 Bd7 47. Bf7 Bc8 48. Kd5 Kc3 49. Be6 Bb7+ 50. Ke5 Kd2 51. Kf5 Ke3 52. Kxg5
Kf2 53. Kf4 Bf3 54. Bg4 Bc6 55. Bd1 Bd7 56. Bc2 Be6 57. Bf5 Bxf5 58. Kxf5 Kxg3
1/2-1/2

[Event "11. Paks GM 2007"]
[Site "Paks HUN"]
[Date "2007.08.12"]
[Round "8.5"]
[White "Grunberg, Mihai-Lucian"]
[Black "Flumbort, Andras"]
[Result "0-1"]
[WhiteElo "2472"]
[BlackElo "2509"]
[PlyCount "62"]
[EventDate "2007.08.05"]
[EventType "tourn"]
[EventRounds "9"]
[EventCountry "HUN"]
[EventCategory "9"]
[Source "lmi"]
[SourceDate "2007.08.05"]

1. d4 Nf6 2. c4 g6 3. g3 Bg7 4. Bg2 d5 5. cxd5 Nxd5 6. e4 Nb6 7. d5 O-O 8. Ne2
e6 9. Nbc3 exd5 10. exd5 c6 11. O-O Nxd5 12. Nxd5 cxd5 13. Qxd5 Qxd5 14. Bxd5
Nc6 15. Nc3 Bh3 16. Rd1 Nd4 17. Bxb7 Rab8 18. Be4 Bg4 19. Rd3 Rfc8 20. Be3 Nc2
21. Rf1 Nxe3 22. Rxe3 Rxb2 23. Nd5 Kf8 24. Ra3 Be2 25. Re1 Bd4 26. Ne3 Re8 27.
Bc6 Re6 28. Bd5 Rf6 29. Rb3 Rd2 30. a4 Ba6 31. Rb8+ Kg7 0-1

[Event "11. Paks GM 2007"]
[Site "Paks HUN"]
[Date "2007.08.13"]
[Round "9.1"]
[White "Flumbort, Andras"]
[Black "Pataki, Gyozo"]
[Result "1/2-1/2"]
[WhiteElo "2509"]
[BlackElo "2382"]
[PlyCount "80"]
[EventDate "2007.08.05"]
[EventType "tourn"]
[EventRounds "9"]
[EventCountry "HUN"]
[EventCategory "9"]
[Source "lmi"]
[SourceDate "2007.08.05"]

1. c4 Nf6 2. Nc3 e5 3. g3 Bb4 4. Bg2 O-O 5. Nf3 Nc6 6. O-O e4 7. Ne1 Bxc3 8.
bxc3 Re8 9. d3 d6 10. Nc2 h6 11. Ne3 Bd7 12. Rb1 Rb8 13. f3 exd3 14. exd3 Qc8
15. g4 Ne5 16. h3 Bc6 17. Rb2 Ng6 18. f4 Bxg2 19. Rxg2 b5 20. cxb5 Rxb5 21. c4
Rb1 22. Nf5 Ne7 23. Qc2 Qb7 24. Nxe7+ Rxe7 25. Kh2 Nd7 26. Re2 Rxe2+ 27. Qxe2
Nf8 28. f5 f6 29. h4 Qb4 30. Re1 Qc3 31. Bd2 Qc2 32. Rxb1 Qxb1 33. Bf4 Kh7 34.
g5 hxg5 35. hxg5 fxg5 36. Bxg5 Kg8 37. f6 Qa1 38. Qe7 Qe5+ 39. Qxe5 dxe5 40.
fxg7 Kxg7 1/2-1/2

[Event "11. Paks GM 2007"]
[Site "Paks HUN"]
[Date "2007.08.13"]
[Round "9.2"]
[White "Yu, Shaoteng"]
[Black "Grunberg, Mihai-Lucian"]
[Result "1-0"]
[WhiteElo "2524"]
[BlackElo "2472"]
[PlyCount "70"]
[EventDate "2007.08.05"]
[EventType "tourn"]
[EventRounds "9"]
[EventCountry "HUN"]
[EventCategory "9"]
[Source "lmi"]
[SourceDate "2007.08.05"]

1. e4 Nf6 2. e5 Nd5 3. d4 d6 4. Nf3 dxe5 5. Nxe5 c6 6. Be2 Nd7 7. c4 Nc7 8. O-O
g6 9. f4 Bg7 10. Nc3 Nxe5 11. fxe5 c5 12. dxc5 Qxd1 13. Rxd1 Bxe5 14. Be3 Bd7
15. Rac1 a5 16. b3 Bc6 17. Nd5 e6 18. Bf3 exd5 19. cxd5 Nxd5 20. Bxd5 O-O 21.
Bxc6 bxc6 22. Rd7 a4 23. Bh6 axb3 24. axb3 Bg7 25. Bf4 Rfd8 26. Rcd1 Rxd7 27.
Rxd7 Bf8 28. b4 Re8 29. Kf2 Re4 30. Bd2 f5 31. Kf3 Be7 32. b5 Bxc5 33. bxc6 Re8
34. c7 Bb6 35. Bg5 h6 1-0

[Event "11. Paks GM 2007"]
[Site "Paks HUN"]
[Date "2007.08.13"]
[Round "9.3"]
[White "Szabo, Krisztian"]
[Black "Papp, Gabor"]
[Result "1-0"]
[WhiteElo "2482"]
[BlackElo "2474"]
[PlyCount "61"]
[EventDate "2007.08.05"]
[EventType "tourn"]
[EventRounds "9"]
[EventCountry "HUN"]
[EventCategory "9"]
[Source "lmi"]
[SourceDate "2007.08.05"]

1. e4 g6 2. d4 Bg7 3. Nc3 d6 4. f4 a6 5. Nf3 b5 6. Bd3 Bb7 7. O-O Nf6 8. e5 Nd5
9. Ne4 Nb4 10. e6 f5 11. Neg5 Nxd3 12. Qxd3 Bd5 13. Nf7 Qc8 14. Nxh8 Qxe6 15.
Re1 Qf6 16. a4 c6 17. axb5 cxb5 18. Rxa6 Bxf3 19. Qxb5+ Nd7 20. Rxa8+ Bxa8 21.
Qa6 Nb6 22. Qxb6 Qxd4+ 23. Qxd4 Bxd4+ 24. Be3 Bxh8 25. c3 Be4 26. Ra1 Kd7 27.
Ra7+ Ke6 28. Bd4 Bxd4+ 29. cxd4 Kd5 30. Rxe7 Kxd4 31. Kf2 1-0

[Event "11. Paks GM 2007"]
[Site "Paks HUN"]
[Date "2007.08.13"]
[Round "9.4"]
[White "Smerdon, David"]
[Black "Groszpeter, Attila"]
[Result "0-1"]
[WhiteElo "2461"]
[BlackElo "2522"]
[PlyCount "81"]
[EventDate "2007.08.05"]
[EventType "tourn"]
[EventRounds "9"]
[EventCountry "HUN"]
[EventCategory "9"]
[Source "lmi"]
[SourceDate "2007.08.05"]

1. e4 c5 2. c3 d5 3. exd5 Nf6 4. Bb5+ Bd7 5. Bxd7+ Qxd7 6. c4 e6 7. Qe2 Bd6 8.
Nf3 O-O 9. dxe6 fxe6 10. Nc3 Nc6 11. d3 e5 12. Ne4 Nd4 13. Nxd4 exd4 14. Bg5
Nxe4 15. dxe4 Rae8 16. f3 Qc7 17. h4 Bg3+ 18. Kf1 Qe5 19. Rh3 d3 20. Qd2 h6 21.
Be3 Qxe4 22. Rxg3 Qxe3 23. Qxe3 Rxe3 24. Rd1 Rf4 25. Rg4 Rxg4 26. fxg4 Re4 27.
b3 Rf4+ 28. Kg1 Rd4 29. Kf2 Kf7 30. Ke3 Rxg4 31. Rxd3 Ke6 32. Kf3 Rxh4 33. Rd5
b6 34. Rd8 Rh5 35. g4 Rh2 36. a4 Rh3+ 37. Kf4 Rxb3 38. a5 Rb4 39. Re8+ Kf6 40.
Rf8+ Kg6 41. Ke4 0-1

[Event "11. Paks GM 2007"]
[Site "Paks HUN"]
[Date "2007.08.13"]
[Round "9.5"]
[White "Tania, Sachdev"]
[Black "Nevednichy, Vladislav"]
[Result "1/2-1/2"]
[WhiteElo "2393"]
[BlackElo "2523"]
[PlyCount "80"]
[EventDate "2007.08.05"]
[EventType "tourn"]
[EventRounds "9"]
[EventCountry "HUN"]
[EventCategory "9"]
[Source "lmi"]
[SourceDate "2007.08.05"]

1. d4 g6 2. Nf3 Bg7 3. c4 c5 4. d5 d6 5. Nc3 Bxc3+ 6. bxc3 f5 7. Bf4 Qa5 8. Qb3
Nf6 9. e3 Nbd7 10. Bd3 Nb6 11. O-O Bd7 12. Nd2 O-O-O 13. Rfb1 h6 14. a4 g5 15.
Bg3 Nh5 16. Qc2 Rdf8 17. Nb3 Qa6 18. a5 Na8 19. Qe2 Nxg3 20. hxg3 Nc7 21. Nd4
Rf6 22. Nb5 Rhf8 23. Ra3 e5 24. Qb2 Kd8 25. f3 Ne8 26. f4 gxf4 27. gxf4 e4 28.
Bf1 Bc8 29. Nd4 Rg8 30. Nc2 Rfg6 31. Ra2 h5 32. Nb4 cxb4 33. c5 Qxf1+ 34. Kxf1
h4 35. Qf2 Rg3 36. cxb4 h3 37. gxh3 Rf3 38. Ke2 Rxf2+ 39. Kxf2 Nf6 40. Rd2 Rh8
1/2-1/2